Literature criticism from 1400 to 1800. (Record no. 9957)

MARC details
000 -LEADER
fixed length control field 01011nac a22003011u 4500
010 ## - LIBRARY OF CONGRESS CONTROL NUMBER
LC control number 84643570
022 0# - INTERNATIONAL STANDARD SERIAL NUMBER
International Standard Serial Number 0740-2880
035 ## - SYSTEM CONTROL NUMBER
System control number (OCoLC)ocm09921331
082 0# - DEWEY DECIMAL CLASSIFICATION NUMBER
Classification number 809
090 ## - LOCALLY ASSIGNED LC-TYPE CALL NUMBER (OCLC); LOCAL CALL NUMBER (OCLC)
-- 9957
-- 9957
100 ## - MAIN ENTRY--PERSONAL NAME
Personal name 20080729
245 00 - TITLE STATEMENT
Title Literature criticism from 1400 to 1800.
246 3# - VARYING FORM OF TITLE
Title proper/short title Literature criticism from fourteen hundred to eighteen hundred
246 3# - VARYING FORM OF TITLE
Title proper/short title LC
260 ## - PUBLICATION, DISTRIBUTION, ETC. (IMPRINT)
Place of publication, distribution, etc Detroit, Mich. :
Name of publisher, distributor, etc Gale Research Co.,1984-
Date of publication, distribution, etc c1984-
300 ## - PHYSICAL DESCRIPTION
Extent v. :
Other physical details ill. ;
Dimensions 29 cm.
500 ## - GENERAL NOTE
General note Publisher varies: Gale Research Co., v. 1-v. 8; Gale Research Inc., v. 9-v. 29; Gale Group, v. 30-
500 ## - GENERAL NOTE
General note Donations
500 ## - GENERAL NOTE
General note Donations: -AUC
511 ## - PARTICIPANT OR PERFORMER NOTE
Participant or performer note catalogued by: wessam
650 #0 - SUBJECT ADDED ENTRY--TOPICAL TERM
Topical term or geographic name as entry element Criticism.
650 #0 - SUBJECT ADDED ENTRY--TOPICAL TERM
Topical term or geographic name as entry element Literature, Modern
General subdivision History and criticism.
710 2# - ADDED ENTRY--CORPORATE NAME
Corporate name or jurisdiction name as entry element Gale Research Company.
710 2# - ADDED ENTRY--CORPORATE NAME
Corporate name or jurisdiction name as entry element Gale research Inc.
710 2# - ADDED ENTRY--CORPORATE NAME
Corporate name or jurisdiction name as entry element Gale Group.
942 ## - ADDED ENTRY ELEMENTS (KOHA)
Item type NB - Book (Non borrowing)
Call number prefix 809LIT
Holdings
Withdrawn status Item status Damaged status Not for loan Home library Current library Shelving location Date acquired Source of acquisition Total Checkouts Full call number Barcode Date last seen Koha item type
        Central Library Central Library Second Floor 06/07/2008 Purchase   809LIT 000013211 24/08/2022 NB - Book (Non borrowing)
        Central Library Central Library Second Floor 06/07/2008 Purchase   809LIT 000013212 24/08/2022 NB - Book (Non borrowing)